Online
Catalog

Estudio analítico de los factores militares del general Pedro Santana / (Record no. 27890)

MARC details
000 -CABECERA
campo de control de longitud fija 00688nam a2200181 a 4500
001 - NÚMERO DE CONTROL
campo de control 000028398
005 - FECHA Y HORA DE LA ÚLTIMA TRANSACCIÓN
campo de control 20200930054925.0
008 - DATOS DE LONGITUD FIJA--INFORMACIÓN GENERAL
campo de control de longitud fija 110408s1978 dr ac 000 0 spa d
040 ## - FUENTE DE LA CATALOGACIÓN
Centro catalogador/agencia de origen DO-SdBNP
Lengua de catalogación spa
Centro/agencia transcriptor BNPHU
082 ## - NÚMERO DE LA CLASIFICACIÓN DECIMAL DEWEY
Número de clasificación xxx
Número de documento/Ítem S232C
049 ## - FONDOS LOCALES (OCLC)
Fondos de biblioteca BNPD
100 1# - ENTRADA PRINCIPAL--NOMBRE DE PERSONA
Nombre de persona Cuervo Gómez, Manuel Antonio
Fechas asociadas al nombre 1928-
9 (RLIN) 21813
245 10 - MENCIÓN DE TÍTULO
Título Estudio analítico de los factores militares del general Pedro Santana /
Mención de responsabilidad, etc. Manuel Antonio Cuervo Gómez ; prólogo Manuel de Jesús Goico Castro.
260 ## - PUBLICACIÓN, DISTRIBUCIÓN, ETC.
Lugar de publicación, distribución, etc. Santo Domingo :
Nombre del editor, distribuidor, etc. Imprenta Compostela,
Fecha de publicación, distribución, etc. 1978.
300 ## - DESCRIPCIÓN FÍSICA
Extensión xviii, 30, [14] p. :
Otras características físicas il., retrs. ;
Dimensiones 21 cm.
504 ## - NOTA DE BIBLIOGRAFÍA, ETC.
Nota de bibliografía, etc. Bibliografía : p. [33]
700 1# - PUNTO DE ACCESO ADICIONAL--NOMBRE DE PERSONA
Nombre de persona Goico Castro, Manuel de Jesús
Término indicativo de función/relación pról.
9 (RLIN) 23255
Holdings
Estado de retiro Estado de pérdida No para préstamo Código de colección Localización permanente Ubicación/localización actual Ubicación en estantería Fecha de adquisición Número de inventario Total de préstamos Signatura topográfica completa Código de barras Fecha visto por última vez Precio válido a partir de Tipo de ítem Koha Número de copia
    Excluido de préstamo Patrimonio Dominicano Patrimonio Dominicano Patrimonio Dominicano En catalogación 08.04.2011 LF1   xxx S232C 28398-10 25.06.2020 25.06.2020 Libro y Folleto Colección Patrimonio Dominicano  
    Excluido de préstamo Patrimonio Dominicano Patrimonio Dominicano Patrimonio Dominicano En catalogación 09.05.2013 LF1   xxx S232C 28398-20 25.06.2020 25.06.2020 Libro y Folleto Colección Patrimonio Dominicano e.2
    Excluido de préstamo Dominicana de Servicio Patrimonio Dominicano Patrimonio Dominicano En catalogación 24.06.2013 LF1   xxx S232C 28398-30 25.06.2020 25.06.2020 Libro y Folleto Colección Dominicana de Servicio e. 3

Powered by Koha